Hazbin Hotel and Helluva Boss characters - Statistics

General Stats
  • This quiz has been taken 1,283 times
  • The average score is 18 of 29
Answer Stats
Hint Answer % Correct
Stripper Angel Dust
95%
Radio Demon Alastor
94%
Princess of Hell's best friend Vaggie
92%
Leader of I.M.P Blitzo
87%
"I lost the ability to love a longtime ago" Husk
85%
Princess of Hell Charlie Morningstar
84%
Adopted daughter Loona
83%
Killed almost everyone onepisode 3 season 2 by herself Millie
81%
I.M.P's weapon specialist Moxxie
78%
Is now in the hospital Stolas
78%
Dead humans now in Hell Sinners
72%
Stripper's bestfriend Cherri Bomb
70%
Was Blitzo's childhood friend, now they hate each other Fizzarolli
67%
We all want her dead becauseshe's bipolar af Stella
62%
Sin of Lust Asmodeous
61%
Is the reason the above is inthe hospital Striker
61%
Sin of Greed Mammon
59%
Radio Demon's creation Nifty
58%
How many rings are there in Hell? Seven
52%
Sin of Pride and ruler of Hell Lucifer Morningstar
51%
Gothchk17_ Octavia
51%
Loona's supposed crush andVerosika's bodyguard Vortex
50%
Leader of the Mafia Krimson
47%
What ring are sinners bound to? Pride
47%
Blitzo's sister Barbie Wire
45%
How many days until the nextextermination? 365
41%
Sin of Gluttony Beelzebub
41%
The ex Verosika Mayday
36%
The lowest of the low Hell Hounds and Imps
4%
No matching quizzes found
Score Distribution
Percent of People with Each Score
Percentile by Number Answered
Your Score History
You have not taken this quiz